Music Quiz

Random Music or Year Quiz

Longest Spans Between #1 Hits Quiz Stats

 Plays Quiz Updated Jun 26, 2018

Challenge
Share
Tweet
Embed
Score 0/25 Timer 05:00
13 Plays Today
Weeks Between Hits/Years Artist % Correct
1143 (1966-1988)The Beach Boys
89.9%
507 (1999-2008)Britney Spears
86.7%
1037 (1967-1987)Aretha Franklin
85.6%
365 (1972-1979)Michael Jackson
74.3%
492 (1963-1973)Stevie Wonder
73.9%
384 (1977-1984)(Little) Stevie Wonder
73.9%
324 (1983-1989)Billy Joel
72.1%
805 (1976-1992)Elton John
71.1%
777 (1979-1994)Rod Stewart
61.7%
1303 (1974-1999)Cher
55.6%
330 (2002-2009)Kelly Clarkson
55.5%
392 (1962-1969)Elvis Presley
54.5%
320 (2001-2007)Alicia Keys
53.4%
Weeks Between Hits/Years Artist % Correct
398 (1975-1983)David Bowie
49.1%
759 (1973-1988)George Harrison
41.7%
607 (1964-1976)The Four Seasons
40.9%
643 (1964-1977)Manfred Mann('s Earth Band)
35.3%
335 (1972-1978)Neil Diamond
34%
586 (1974-1986)Dionne Warwick
29.9%
325 (1982-1988)Chicago
28.1%
482 (2007-2016)Justin Timberlake
25.6%
650 (1962-1975)Neil Sedaka
23.9%
785 (1959-1974)Paul Anka
21.8%
588 (1968-1979)Herb Alpert
10.3%
340 (1962-1969)Tommy Roe
8.6%

You're not logged in!

Compare scores with friends on all Sporcle quizzes.
Join for Free
OR
Log In

You Might Also Like...

Show Comments

Extras

Top Quizzes Today


Score Distribution

Your Account Isn't Verified!

In order to create a playlist on Sporcle, you need to verify the email address you used during registration. Go to your Sporcle Settings to finish the process.

Report this User

Report this user for behavior that violates our Community Guidelines.

Details: